000 00902nam a22002891 4500
001 35505
003 BD-RjUL
005 20211209052332.0
008 140526s1968 maua b 001 0 eng
020 _a0201036843
035 _a(BD-RjUL)35599
040 _aDLC
_cDLC
_dBD-RjUL
_beng
041 _aeng
082 0 0 _a519.5
_bKEI 1968
100 1 _aKeyfitz, Nathan,
_d1913-
_9108046
245 1 0 _aIntroduction to the mathematics of population /
_cNathan Keyfitz.
260 _aReading, Mass. :
_bAddison-Wesley Pub. Co.,
_cc1968.
300 _axiv, 450 p. :
_billus. ;
_c25 cm.
490 0 _aAddison-Wesley series in behavioral science: quantitative methods
504 _aBibliography: p. 413-431.
504 _aIncludes index.
650 0 _aDemography
_xMathematical models.
_9108100
740 _aMathematics of population.
942 _2ddc
_cBK
999 _c35505
_d35505